000 01097nam a2200313 i 4500
001 12094
003 KOSZ 005
005 20210623135338.0
008 070620s1969 pl a f 000 0 pol
015 _aPB 1970/1034
040 _aWA N
_cKOSZ 005/RW
_dKOSZ 005/RW
046 _k1969
080 _a528
100 1 _aBychawski, Tadeusz
_d(1903-1974)
_eAutor
245 1 0 _aMechanizacja obliczeń geodezyjnych /
_cTadeusz Bychawski.
260 _aWarszawa :
_bPaństwowe Przedsiębiorstwo Wydawnictw Kartograficznych,
_c1969.
300 _a189, [1] stron :
_bilustracje ;
_c24 cm.
336 _2rdacontent
_aTekst
_btxt
337 _2rdamedia
_aBez urządzenia pośredniczącego
_bn
338 _2rdacarrier
_aWolumin
_bnc
380 _aKsiążki
388 _a1901-2000
388 _a1945-1989
650 4 _aGeodezja
658 _aGeografia i nauki o Ziemi
710 2 _aPaństwowe Przedsiębiorstwo Wydawnictw Kartograficznych
_4pbl.
856 _uhttp://koha.tu.koszalin.pl/cgi-bin/koha/opac-detail.pl?biblionumber=12094
_yKatalog online BPK
942 _2UKD
_cKS
999 _c12094
_d12094